[Event "RSA-chT U12"]
[Site "Cape Town"]
[Date "2016.01.04"]
[Round "1.6"]
[White "Mbewana, Portia"]
[Black "Khatshwa, Alitha"]
[Result "0-1"]
[WhiteElo "981"]
[BlackElo "1020"]
[PlyCount "40"]
[EventDate "2016.01.04"]
[EventType "team-tourn"]
[EventRounds "7"]
[EventCountry "RSA"]
[SourceTitle "CBM 170 Extra"]
[Source "ChessBase"]
[SourceDate "2016.02.25"]
[SourceVersion "1"]
[SourceVersionDate "2016.02.25"]
[SourceQuality "1"]
[WhiteTeam "Johannesburg Metro"]
[BlackTeam "Buffalo City"]
[WhiteTeamCountry "RSA"]
[BlackTeamCountry "RSA"]

1. e4 e5 2. Nf3 Nc6 3. Nc3 Nf6 4. Bb5 a6 5. Bxc6 dxc6 6. Nxe5 Bd6 7. Nf3 Bc5 8. 0-0 0-0 9. d3 Be6 10. Bd2 Rb8 11. Re1 Ng4 12. Be3 Bd6 13. a4 f6 14. h3 Nxe3 15. Rxe3 Re8 16. Qe2 b5 17. Rd1 Bf7 18. Qe1 Re7 19. axb5 axb5 20. d4 Bb4 0-1

[Event "RSA-ch U12 Girls"]
[Site "Waterkloof"]
[Date "2015.04.07"]
[Round "6"]
[White "Du Preez, Sune"]
[Black "Mbewana, Portia"]
[Result "0-1"]
[WhiteElo "987"]
[BlackElo "1083"]
[PlyCount "60"]
[EventDate "2015.04.04"]
[EventType "swiss"]
[EventRounds "9"]
[EventCountry "RSA"]
[SourceTitle "CBM 166 Extra"]
[Source "ChessBase"]
[SourceDate "2015.06.18"]
[SourceVersion "1"]
[SourceVersionDate "2015.06.18"]
[SourceQuality "1"]

1. e4 c5 2. d4 cxd4 3. c3 d3 4. Bxd3 Nc6 5. Nf3 d6 6. Bc4 Nf6 7. 0-0 g6 8. Bb3 Bg7 9. c4 0-0 10. Nc3 Be6 11. Qe2 Qc7 12. Rd1 Rad8 13. Bf4 Qb6 14. Nd5 Bxd5 15. exd5 Na5 16. Qxe7 Nxb3 17. axb3 Rfe8 18. Be3 Qxb3 19. Nd2 Qxb2 20. Rdb1 Rxe7 21. Rxb2 Ng4 22. Bg5 Bxb2 23. Bxe7 Rd7 24. Re1 Bc3 25. Bg5 f6 26. Re2 fxg5 27. Ne4 Re7 28. f3 Nf6 29. Rc2 Bd4+ 30. Nf2 Re1# 0-1

[Event "RSA-ch U12 Girls"]
[Site "Waterkloof"]
[Date "2015.04.07"]
[Round "5"]
[White "Mbewana, Portia"]
[Black "Naidoo, Priyasha"]
[Result "0-1"]
[WhiteElo "1083"]
[BlackElo "1072"]
[PlyCount "66"]
[EventDate "2015.04.04"]
[EventType "swiss"]
[EventRounds "9"]
[EventCountry "RSA"]
[SourceTitle "CBM 166 Extra"]
[Source "ChessBase"]
[SourceDate "2015.06.18"]
[SourceVersion "1"]
[SourceVersionDate "2015.06.18"]
[SourceQuality "1"]

1. e4 e5 2. Nf3 Nc6 3. d4 exd4 4. Bc4 h6 5. 0-0 Bc5 6. c3 dxc3 7. Bxf7+ Kxf7 8. Qd5+ Ke8 9. Qxc5 cxb2 10. Bxb2 d6 11. Qh5+ Kf8 12. Qg6 Qe7 13. Re1 Qf7 14. Qxf7+ Kxf7 15. Nbd2 Be6 16. e5 dxe5 17. Nxe5+ Nxe5 18. Bxe5 Rc8 19. Ne4 Ne7 20. Nc5 Bd5 21. Rab1 b6 22. Na6 c5 23. Bd6 Nc6 24. a3 Rhd8 25. Bg3 Rd7 26. Nc7 Rcxc7 27. Bxc7 Rxc7 28. Rbd1 Rd7 29. Rd2 Nd4 30. Re5 Be6 31. f4 Nc6 32. Rxd7+ Bxd7 33. Rd5 Ke6 0-1

[Event "RSA-ch U12 Girls"]
[Site "Waterkloof"]
[Date "2015.04.04"]
[Round "1"]
[White "Mbewana, Portia"]
[Black "Schmidt, Nadia Esmeralda"]
[Result "0-1"]
[WhiteElo "1083"]
[BlackElo "1374"]
[PlyCount "114"]
[EventDate "2015.04.04"]
[EventType "swiss"]
[EventRounds "9"]
[EventCountry "RSA"]
[SourceTitle "CBM 166 Extra"]
[Source "ChessBase"]
[SourceDate "2015.06.18"]
[SourceVersion "1"]
[SourceVersionDate "2015.06.18"]
[SourceQuality "1"]

1. e4 g6 2. d4 Bg7 3. Nc3 c6 4. Be3 d6 5. a4 Nd7 6. f3 a6 7. Qd2 Rb8 8. Bd3 b5 9. axb5 axb5 10. Ra7 b4 11. Na4 e5 12. Ne2 h5 13. h4 Bh6 14. g4 Bxe3 15. Qxe3 hxg4 16. fxg4 Rxh4 17. Rf1 Rxg4 18. Qf3 Qh4+ 19. Kd1 Ndf6 20. Bc4 Rf4 21. Qg2 Rxf1+ 22. Qxf1 Be6 23. Bxe6 fxe6 24. Rg7 Qxe4 25. Qh3 Qf5 26. Qh8 Kf8 27. Rc7 Qf3 28. Qg7+ Ke8 29. Qf7+ Kd8 30. Ra7 Qf1+ 31. Kd2 Ne4+ 32. Ke3 Qxf7 33. Rxf7 Nef6 34. dxe5 dxe5 35. Nc5 Ke8 36. Rc7 Nd5+ 37. Ke4 Nxc7 38. Kxe5 Rd8 39. Nf4 Kf7 40. Nfxe6 Nxe6 41. Nxe6 Rd5+ 42. Ke4 Kxe6 43. Ke3 g5 44. Kf3 Rd2 45. Kg4 Rxc2 46. Kxg5 Rxb2 47. Kf4 Rd2 48. Ke3 Rd5 49. Ke2 b3 50. Ke3 b2 51. Ke2 b1Q 52. Ke3 Qe1+ 53. Kf3 Rf5+ 54. Kg2 Qd2+ 55. Kg3 Qg5+ 56. Kh2 Rf6 57. Kh3 Rh6# 0-1